Καρδιά & αγγεία διμηναίο επιστημονικό περιοδικό του Ελληνικού Ιδρύματος Καρδιολογίας

Αποθηκεύτηκε σε:
Λεπτομέρειες βιβλιογραφικής εγγραφής
Μορφή: Περιοδική έκδοση
Γλώσσα:Greek
Δημοσίευση: Αθήνα : Ελληνικό Ίδρυμα Καρδιολογίας, 1996-
Θέματα:
Ετικέτες: Προσθήκη ετικέτας
Δεν υπάρχουν, Καταχωρήστε ετικέτα πρώτοι!

MARC

LEADER 00000nas a2200000 i 4500
001 1/57717
008 030621c19969999gr mr r | |gre||
035 |l 10073820  
040 |a GR-MY-UA  |b gre  |e aacr 
041 0 |a gre 
082 0 |a 616.12  
245 1 0 |a Καρδιά & αγγεία   |h [περιοδικό] :   |b διμηναίο επιστημονικό περιοδικό του Ελληνικού Ιδρύματος Καρδιολογίας /   |c Ελληνικό Ίδρυμα Καρδιολογίας.  
246 2 |i Παραλλαγή τίτλου:   |a Καρδιά και αγγεία   |h [περιοδικό]  
260 |a Αθήνα :   |b Ελληνικό Ίδρυμα Καρδιολογίας,   |c 1996-  
300 |a τ. :   |b εικ. ;   |c 28 εκ.  
310 |a Διμηναίο  
650 0 0 |a Cardiology  |x Periodicals. 
853 |a INST  |b CHIOS  |c SER  |h 616.12 
853 |a INST  |b LESVOS  |c SER  |h 616.12 
901 |a BIBL2-2004-2 
901 |a BIBL1-2007-2 
920 |a ΔΩΡΕΑ ΒΙΒΛΙΟΘΗΚΗΣ  |y Χίος  |z 2000-02 
970 |a ΣΠΕΝΤΖΑ  |b ΕΛΕΝΗ  |z 2004/06/21